The Socialist sixth of the world
Tells us The Soviet Union's economic conditions since 1917 to 1945
Na minha lista:
| Autor principal: | |
|---|---|
| Formato: | Livro |
| Idioma: | Undetermined |
| Publicado em: |
London
Victor Gollancz
1947
|
| Assuntos: | |
| Tags: |
Adicionar Tag
Sem tags, seja o primeiro a adicionar uma tag!
|
| Thư viện lưu trữ: | Trung tâm Học liệu Trường Đại học Cần Thơ |
|---|
| LEADER | 00749nam a2200217Ia 4500 | ||
|---|---|---|---|
| 001 | CTU_220612 | ||
| 008 | 210402s9999 xx 000 0 und d | ||
| 082 | |a 330.947084 | ||
| 082 | |b J67 | ||
| 100 | |a Johnson, Hewlett | ||
| 245 | 4 | |a The Socialist sixth of the world | |
| 245 | 0 | |c Hewlett Johnson ; Illustrated by Nowell Mary Hewlett Johnson | |
| 260 | |a London | ||
| 260 | |b Victor Gollancz | ||
| 260 | |c 1947 | ||
| 520 | |a Tells us The Soviet Union's economic conditions since 1917 to 1945 | ||
| 650 | |a Liên bang Xô Viết,Liên bang Xô Viết | ||
| 650 | |x Điều kiện xã hội,Điều kiện kinh tế | ||
| 650 | |y 1917-1945 | ||
| 904 | |i Nguyên | ||
| 980 | |a Trung tâm Học liệu Trường Đại học Cần Thơ | ||